000 01412cam a2200325 a 4500
001 13861845
005 20250124121729.0
008 050204s2005 enka b 001 0 eng
020 _a1403907870 (hardback)
050 0 0 _aHM753
_b.M45 2005
082 0 0 _a306.44/6/0943
_222
100 1 _aMeinhof, Ulrike Hanna.
245 1 4 _aThe language of belonging /
_cUlrike Hanna Meinhof and Dariusz Galasinski.
260 _aHoundmills, Basingstoke, Hampshire ;
_aNew York :
_bPalgrave Macmillan,
_c2005.
300 _axii, 216 p. :
_bill. ;
_c23 cm.
440 0 _aLanguage and globalization
650 0 _aGroup identity.
650 0 _aSociolinguistics.
650 0 _aLanguage and culture.
650 0 _aGroup identity
_zGermany
_vCase studies.
650 0 _aGroup identity
_zPoland
_vCase studies.
650 0 _aPartition, Territorial
_xSocial aspects
_zGermany
_vCase studies.
650 0 _aPartition, Territorial
_xSocial aspects
_zPoland
_vCase studies.
700 1 _aGalasiƄski, Dariusz.
856 4 2 _3Contributor biographical information
_uhttp://www.loc.gov/catdir/enhancements/fy0624/2005043280-b.html
856 4 2 _3Publisher description
_uhttp://www.loc.gov/catdir/enhancements/fy0624/2005043280-d.html
856 4 1 _3Table of contents only
_uhttp://www.loc.gov/catdir/enhancements/fy0624/2005043280-t.html
856 4 2 _3Book review (H-Net)
_uhttp://www.h-net.org/review/hrev-a0f6j9-aa
942 _2lcc
_cBK
_n0
999 _c3000
_d3000